000 00462nam a2200193Ia 4500
005 20240823045304.0
008 240823s9999||||xx |||||||||||||| ||und||
020 _a81-88909-34-3
041 _aENGLISH
082 _A630.3
100 _aDinesh Dwivedi Ed.
245 0 _aDictionary of Agriculture
250 _a1st
260 _bIntellectual Book B
500 _aDISPLAY
650 _aDictionary of Agriculture
_bGeneral
942 _cBK
999 _c214611
_d214611